Testimonios históricos guadalupanos /

Antología que reúne las más importantes fuentes de la historiografía sobre la Virgen de Guadalupe, desde un poema en náhuatl cantando en el mismo año de la aparición hasta estudios históricos publicados en 1908. En el recorrido, discurren y conviven los testimonios de Bernal Díaz del Castillo y Migu...

Descripció completa

Guardat en:
Dades bibliogràfiques
Autor principal: Torre Villar, Ernesto de la (compilación)
Altres autors: Navarro de Anda, Ramiro (compilación) (compilación)
Format: Llibre
Idioma:espanyol
Publicat: México : Fondo de Cultura Económica, 1982, c1982
Col·lecció:(Sección de Obras de Historia)
Matèries:
Etiquetes: Afegir etiqueta
Sense etiquetes, Sigues el primer a etiquetar aquest registre!

MARC

LEADER 00000nam^a2200000^a^4500
001 000000846
005 20250521000000.0
009 20260310083044.381
020 |a 968-16-1233-1 
037 |a Acervo ITESO - Biblioteca 
041 |a ESP 
082 |a 232. 917  |b TOR 
100 |a Torre Villar, Ernesto de la  |e (compilación) 
245 1 0 |a Testimonios históricos guadalupanos /  |c Comp., pról. y notas de E. de la Torre Villar, R. Navarro de Anda. 
264 4 |a México :  |b Fondo de Cultura Económica,  |c 1982, c1982 
300 |a 1468 p. 
336 |a texto  |b txt  |2 rdacontenido 
337 |a sin mediación  |b n  |2 rdamedio 
338 |a volumen  |b nc  |2 rdasoporte 
440 1 |a (Sección de Obras de Historia) 
520 |a Antología que reúne las más importantes fuentes de la historiografía sobre la Virgen de Guadalupe, desde un poema en náhuatl cantando en el mismo año de la aparición hasta estudios históricos publicados en 1908. En el recorrido, discurren y conviven los testimonios de Bernal Díaz del Castillo y Miguel Sánchez, las explicaciones que ofrecen Carlos de Sigüenza y Góngora y Francisco Javier Clavijero o el célebre sermón de fray Servando Teresa de Mier. 
649 |a XX 
650 |a Virgen de Guadalupe -  |x Apariciones y Milagros -  |x Historia 
650 |a Virgen de Guadalupe -  |z México -  |x Culto -  |x Historia 
650 |a Virgen de Guadalupe -  |x Culto -  |x Historia -  |x Tema Principal 
650 |a Culto Religioso -  |z México -  |x Historia 
650 |a Iglesia Católica en México -  |x Historia 
650 |a Catolicismo -  |z México -  |x Historia 
650 |a Cristianismo -  |z México -  |x Historia 
650 |a Religión -  |z México -  |x Historia 
650 |a México -  |x Historia -  |y Gobernadores y Audiencia, 1521-1535 
650 |a México -  |x Historia -  |y Siglo XVI 
650 |a México -  |x Historia -  |y Epoca Colonial, 1517-1821 
700 |a Navarro de Anda, Ramiro  |e (compilación) 
910 |a Fondo General 
920 |a Impresos - Libros 
930 |a Colección General 
905 |a 101 
901 |a 0500259139  |b IT1  |c ACC  |i 000846  |u 20250521 
902 |a https://opac.biblio.iteso.mx/vufind/Record/000000846